Allgemeinwissen Quiz (Einfach) - Statistiken

Allgemein
  • Dieses Quiz wurde 197 mal gespielt
  • Das Durchschnittsergebnis liegt bei 11 aus 14
Antwortstatistiken
Frage Antwort % Korrekt
Was ist die Hauptstadt von Frankreich? Paris
100%
Welches Tier ist das größte auf der Erde? Blauwal
97%
Welche Farbe hat der Smaragd? Grün
97%
Welches Element hat das chemische Symbol "O"? Sauerstoff
97%
Was ist die Währung der Vereinigten Staaten? US-Dollar
97%
Wer malte die Mona Lisa? Leonardo da Vinci
95%
Was ist die Hauptstadt von Japan? Tokio
95%
Wie viele Kontinente gibt es auf der Erde? 7
91%
Wer entdeckte das Gesetz der Schwerkraft? Isaac Newton
91%
Wer schrieb "Hamlet"? William Shakespeare
84%
In welchem Jahr landeten die ersten Menschen auf dem Mond? 1969
78%
Welches Land hat die meisten Einwohner? Indien
63%
Welches Meer liegt zwischen der Türkei und Griechenland? Ägäisches Meer
41%
Was ist die kleinste Einheit des Lebens? Zelle
20%
Keine übereinstimmenden Quizze gefunden
Verteilung der Resultate
Anzahl Personen mit jedem Resultat
Perzentil nach korrekt beantworteten Fragen
Ihre Resultats-Entwicklung
Sie haben dieses Quiz noch nicht gespielt